[Event "4NCL Division 1 & 2"]
[Site "Daventry, ENG"]
[Date "2022.05.01"]
[Round "8.102"]
[White "Granat, Russell G"]
[Black "Dunn, Andrew"]
[Result "1-0"]
[WhiteElo "2168"]
[BlackElo "2165"]
[PlyCount "82"]
[EventDate "2022.05.01"]
[WhiteTeam "Guildford Castles"]
[BlackTeam "North East England"]

1. e4 c6 2. Nc3 d5 3. Nf3 dxe4 4. Nxe4 Nf6 5. Nxf6+ exf6 6. d4 Bd6 7. Bd3 Bg4
8. h3 Bh5 9. Be3 Na6 10. Qe2 Nb4 11. Bd2+ Qe7 12. Qxe7+ Kxe7 13. Bxb4 Bxb4+ 14.
Nd2 Rhe8 15. c3 Bd6 16. O-O Bf4 17. Nc4 b6 18. g3 Bc7 19. f4 b5 20. Ne3 Kf8 21.
Rae1 g5 22. Bxh7 gxf4 23. gxf4 Re7 24. Ng2 Rae8 25. Rxe7 Rxe7 26. Bd3 b4 27.
Kf2 bxc3 28. bxc3 Ba5 29. Rc1 Rb7 30. Ke3 Rb2 31. Rc2 Rb1 32. c4 Bd1 33. Rf2
Rb7 34. f5 Ba4 35. Bc2 Rb4 36. Kd3 Bxc2+ 37. Rxc2 Ra4 38. Ne3 Ra3+ 39. Ke4 Bb6
40. c5 Bc7 41. Rg2 Ba5 1-0

[Event "4NCL Division 1 & 2"]
[Site "Daventry, ENG"]
[Date "2022.05.01"]
[Round "8.103"]
[White "Oswald, Graeme"]
[Black "Golding, James"]
[Result "0-1"]
[WhiteElo "2164"]
[BlackElo "2084"]
[PlyCount "67"]
[EventDate "2022.05.01"]
[WhiteTeam "North East England"]
[BlackTeam "Guildford Castles"]

1. e4 Nc6 2. d4 e5 3. d5 Nce7 4. Nf3 Ng6 5. h4 h5 6. a3 Nf6 7. Bg5 a5 8. c4 Bc5
9. Nc3 d6 10. Qd2 Bd7 11. Be2 Qb8 12. O-O Ng4 13. Nh2 f6 14. Nxg4 hxg4 15. g3
fxg5 16. Qxg5 Rh6 17. h5 Nf8 18. Kg2 Qd8 19. Qxg7 Qf6 20. Qxf6 Rxf6 21. Nd1 Nh7
22. Rh1 Ke7 23. Rh4 Rg8 24. Rb1 Rh6 25. b4 axb4 26. axb4 Bd4 27. f3 Ng5 28. Rb3
gxf3+ 29. Bxf3 Nxf3 30. Rxf3 Bg4 31. Rd3 Rxh5 32. Rxh5 Bxh5 33. Ne3 Bg6 34. Kf2
0-1

[Event "4NCL Division 1 & 2"]
[Site "Daventry, ENG"]
[Date "2022.05.01"]
[Round "8.104"]
[White "Punnett, Alan K"]
[Black "Coathup, Roger H"]
[Result "1/2-1/2"]
[WhiteElo "2033"]
[BlackElo "2180"]
[PlyCount "161"]
[EventDate "2022.05.01"]
[WhiteTeam "Guildford Castles"]
[BlackTeam "North East England"]

1. e4 c5 2. Nf3 e6 3. d3 Nc6 4. g3 Nf6 5. Bg2 Be7 6. O-O d6 7. Re1 O-O 8. c3
Bd7 9. d4 cxd4 10. cxd4 d5 11. e5 Ne4 12. Nbd2 Nxd2 13. Bxd2 Qb6 14. Bc3 Na5
15. h4 Rac8 16. Rc1 Nc4 17. b3 Na3 18. Qd2 Bb5 19. Bb2 a5 20. Rxc8 Rxc8 21. Rc1
Rc7 22. Ne1 Bb4 23. Qd1 h6 24. Nc2 Nxc2 25. Rxc2 Rc6 26. Bf1 Bxf1 27. Kxf1 a4
28. Rxc6 bxc6 29. bxa4 Qa6+ 30. Kg2 Qc4 31. Qb3 Kf8 32. Qxc4 dxc4 33. Kf3 Ke8
34. Ke3 Kd7 35. Bc1 c5 36. a3 Bc3 37. dxc5 Bxe5 38. Ke4 Bc3 39. Be3 f5+ 40. Kf4
g6 41. Kf3 Kc6 42. Bxh6 Bb2 43. Bf8 c3 44. Bg7 Kxc5 45. Ke2 Kc4 46. a5 Bxa3 47.
a6 Bc5 48. f3 c2 49. Bh6 Bd4 50. g4 e5 51. Bc1 e4 52. fxe4 fxg4 53. Bf4 g3 54.
Kf3 Kb5 55. Bc1 Bf2 56. a7 Bxa7 57. Kxg3 Bd4 58. Kg4 Bf6 59. h5 gxh5+ 60. Kxh5
Kc4 61. Kg6 Bd4 62. Kf5 Kd3 63. e5 Be3 64. Ba3 Kc4 65. e6 Kb3 66. e7 Kxa3 67.
e8=Q c1=Q 68. Qa8+ Kb3 69. Qd5+ Kb4 70. Qb7+ Kc4 71. Qc6+ Bc5 72. Qa4+ Kd3 73.
Qe4+ Kd2 74. Qg2+ Kc3 75. Qf3+ Kb2 76. Qe2+ Ka3 77. Qd3+ Ka2 78. Qe2+ Kb3 79.
Qb5+ Bb4 80. Qd3+ Kb2 81. Qe2+ 1/2-1/2

[Event "4NCL Division 1 & 2"]
[Site "Daventry, ENG"]
[Date "2022.05.01"]
[Round "8.105"]
[White "Dargan, Paul A G"]
[Black "Shepley, Julien M"]
[Result "1-0"]
[WhiteElo "2100"]
[BlackElo "1969"]
[PlyCount "163"]
[EventDate "2022.05.01"]
[WhiteTeam "North East England"]
[BlackTeam "Guildford Castles"]

1. e4 d5 2. exd5 Qxd5 3. Nc3 Qa5 4. d4 Nf6 5. Bd2 Bg4 6. Nf3 e6 7. h3 Bxf3 8.
Qxf3 c6 9. Bd3 Nbd7 10. O-O Bb4 11. a3 Bxc3 12. Bxc3 Qd5 13. Qe2 Nb6 14. b3 O-O
15. Bb2 Rad8 16. c4 Qh5 17. Qe3 Qh4 18. Rad1 Rd7 19. Rfe1 Rfd8 20. Bc2 Nc8 21.
Bc3 b6 22. Qf3 Ne7 23. Kh2 Rc8 24. Rd3 Ng6 25. g3 Qh5 26. Qxh5 Nxh5 27. Rde3
Nf6 28. Bd1 Rcd8 29. Bf3 Rc7 30. Bg2 h6 31. f4 Ne7 32. g4 Ng6 33. Kg3 Rdd7 34.
Bf3 Ne7 35. Bd1 c5 36. dxc5 bxc5 37. Bc2 Nc6 38. f5 Nd4 39. fxe6 Nxc2 40. exd7
Rxd7 41. Bxf6 Nxe1 42. Rxe1 Rd3+ 43. Kf4 gxf6 44. Re3 Rd4+ 45. Kf5 Kg7 46. a4
a5 47. Re7 Rd3 48. Ra7 Rxb3 49. Rxa5 Rb4 50. Rxc5 Rxa4 51. h4 Ra1 52. h5 Rf1+
53. Ke4 Rg1 54. Kf3 Rf1+ 55. Kg2 Rf4 56. Kg3 Rd4 57. Rc8 f5 58. gxf5 Kf6 59.
Rc5 Kg5 60. Kf3 Kxh5 61. Ke3 Rd1 62. Rc7 f6 63. Rg7 Re1+ 64. Kd4 Re5 65. c5
Rxf5 66. c6 Rf1 67. Rg3 Ra1 68. c7 Ra8 69. Kd5 Rc8 70. Rg7 Kh4 71. Ke6 h5 72.
Kxf6 Kh3 73. Ke6 h4 74. Kd7 Rxc7+ 75. Kxc7 Kh2 76. Kd6 h3 77. Ke5 Kh1 78. Kf4
h2 79. Kg3 Kg1 80. Ra7 h1=N+ 81. Kf3 Kh2 82. Rg7 1-0

[Event "4NCL Division 1 & 2"]
[Site "Daventry, ENG"]
[Date "2022.05.01"]
[Round "8.106"]
[White "Stimpson, Philip M"]
[Black "Henderson, David"]
[Result "1/2-1/2"]
[WhiteElo "1946"]
[BlackElo "2142"]
[PlyCount "72"]
[EventDate "2022.05.01"]
[WhiteTeam "Guildford Castles"]
[BlackTeam "North East England"]

1. d4 d5 2. Nc3 Nf6 3. Bf4 Bf5 4. f3 e6 5. g4 Bg6 6. h4 h6 7. e3 c5 8. h5 Bh7
9. Nb5 Na6 10. Bd3 Bxd3 11. Qxd3 Qa5+ 12. Nc3 cxd4 13. exd4 Bb4 14. Nge2 O-O-O
15. Kf2 Bd6 16. Nb5 Bxf4 17. Nxf4 Nc7 18. a4 a6 19. Qc3 Qxc3 20. Nxc3 Rd6 21.
Nd3 Nd7 22. a5 Re8 23. Rhe1 Rc6 24. Re2 Rg8 25. Na4 Nb5 26. c3 Nd6 27. Nac5
Nxc5 28. Nxc5 Nc4 29. b3 Nd6 30. Kg3 Rd8 31. Re3 Rg8 32. Re5 Rd8 33. Rae1 Rg8
34. Kf2 Nb5 35. R1e3 Nc7 36. Re1 Nb5 1/2-1/2

[Event "4NCL Division 1 & 2"]
[Site "Daventry, ENG"]
[Date "2022.05.01"]
[Round "8.107"]
[White "Gazis, Georgios"]
[Black "Tarling, Ray"]
[Result "1-0"]
[WhiteElo "1830"]
[BlackElo "1929"]
[PlyCount "53"]
[EventDate "2022.05.01"]
[WhiteTeam "North East England"]
[BlackTeam "Guildford Castles"]

1. e4 d6 2. d4 Nf6 3. Nc3 g6 4. f3 c6 5. Be3 b5 6. Qd2 Nbd7 7. g4 Nb6 8. g5
Nfd7 9. d5 Ne5 10. dxc6 Nbc4 11. Bxc4 Nxc4 12. Qd4 Rg8 13. Nge2 Bg7 14. Qd5
Nxe3 15. c7 Nxc2+ 16. Kd2 Qxc7 17. Qxa8 Qb7 18. Qxb7 Bxb7 19. Kxc2 b4 20. Nd5
Bxd5 21. exd5 Kd7 22. Rac1 b3+ 23. axb3 Rb8 24. Ra1 Rc8+ 25. Nc3 Rc7 26. Ra4
Kc8 27. Rc4 1-0

[Event "4NCL Division 1 & 2"]
[Site "Daventry, ENG"]
[Date "2022.05.01"]
[Round "8.108"]
[White "Tarling, Adam"]
[Black "Lampard, Alice"]
[Result "1-0"]
[WhiteElo "1710"]
[BlackElo "1915"]
[PlyCount "97"]
[EventDate "2022.05.01"]
[WhiteTeam "Guildford Castles"]
[BlackTeam "North East England"]

1. e4 c5 2. c3 d5 3. exd5 Qxd5 4. d4 Nf6 5. Nf3 Bg4 6. Be2 e6 7. h3 Bh5 8. Bf4
Nc6 9. O-O Be7 10. Na3 O-O 11. Nc2 cxd4 12. Ncxd4 Nxd4 13. Nxd4 Bxe2 14. Qxe2
Bd6 15. Bxd6 Qxd6 16. Rad1 Qb6 17. Rd2 Rfd8 18. Rfd1 a6 19. Nb3 h6 20. Qe3 Qc7
21. Qc5 Rxd2 22. Rxd2 Qxc5 23. Nxc5 b6 24. Nd7 Nxd7 25. Rxd7 Kf8 26. Rb7 b5 27.
Kf1 Ke8 28. Ke2 Rd8 29. Rb6 Ra8 30. b3 Ke7 31. a4 Rc8 32. Kd3 Rd8+ 33. Kc2 Rd6
34. Rb7+ Rd7 35. Rxd7+ Kxd7 36. axb5 axb5 37. Kd3 Kc6 38. Kd4 f6 39. f4 Kd6 40.
c4 bxc4 41. Kxc4 Kc6 42. h4 g6 43. b4 Kb6 44. b5 g5 45. hxg5 hxg5 46. fxg5 fxg5
47. g4 Kb7 48. Kd4 Kc7 49. Ke5 1-0

[Event "4NCL Division 1 & 2"]
[Site "Daventry, ENG"]
[Date "2022.05.01"]
[Round "8.111"]
[White "Scott, Gordon W"]
[Black "Kosten, Anthony C."]
[Result "0-1"]
[WhiteElo "2224"]
[BlackElo "2371"]
[PlyCount "58"]
[EventDate "2022.05.01"]
[WhiteTeam "Anglian Avengers"]
[BlackTeam "The ADs"]

1. d4 Nf6 2. c4 e6 3. Nc3 Bb4 4. e3 O-O 5. Nge2 d5 6. a3 Bd6 7. Ng3 dxc4 8.
Bxc4 e5 9. d5 Nbd7 10. O-O Nb6 11. Be2 Ne8 12. e4 Bc5 13. Qd3 Nd6 14. Be3 Bxe3
15. Qxe3 Bd7 16. a4 a5 17. b3 Nbc8 18. Rac1 Ne7 19. Rc2 Rc8 20. Rfc1 c5 21. f4
exf4 22. Qxf4 Qb6 23. e5 Ng6 24. Qe3 Rfe8 25. Nce4 Rxe5 26. Rxc5 Rce8 27. Bd3
f5 28. Nf6+ gxf6 29. Qh6 Re1+ 0-1

[Event "4NCL Division 1 & 2"]
[Site "Daventry, ENG"]
[Date "2022.05.01"]
[Round "8.112"]
[White "Baker, Chris W"]
[Black "Maycock Bates, David Henry"]
[Result "0-1"]
[WhiteElo "2272"]
[BlackElo "2183"]
[PlyCount "72"]
[EventDate "2022.05.01"]
[WhiteTeam "The ADs"]
[BlackTeam "Anglian Avengers"]

1. e4 e5 2. Nf3 Nc6 3. Nc3 Nf6 4. a3 d5 5. exd5 Nd4 6. Nxd4 exd4 7. Bb5+ Bd7 8.
Qe2+ Be7 9. d6 cxd6 10. Bxd7+ Qxd7 11. Nb5 Qc6 12. O-O Qxc2 13. Nxd4 Qc8 14. b4
Qg4 15. Re1 Qxe2 16. Rxe2 g6 17. Bb2 Kd7 18. Rae1 Rhe8 19. Re3 Nd5 20. Rf3 Bf6
21. Kf1 Rxe1+ 22. Kxe1 Re8+ 23. Kd1 Re4 24. Kc2 Bxd4 25. Rxf7+ Ke6 26. Rxb7
Bxb2 27. Kxb2 Re2 28. Rxa7 Rxd2+ 29. Kb3 h5 30. b5 Rxf2 31. a4 Rf4 32. Rg7 Rb4+
33. Ka3 Kf6 34. Rd7 Rxa4+ 35. Kb3 Rb4+ 36. Ka3 Ke6 0-1

[Event "4NCL Division 1 & 2"]
[Site "Daventry, ENG"]
[Date "2022.05.01"]
[Round "8.113"]
[White "Walker, Martin G"]
[Black "Ahluwalia, Amardip"]
[Result "1/2-1/2"]
[WhiteElo "2245"]
[BlackElo "2233"]
[PlyCount "59"]
[EventDate "2022.05.01"]
[WhiteTeam "Anglian Avengers"]
[BlackTeam "The ADs"]

{[%evp 0,36,28,16,23,5,42,18,12,-27,6,-8,0,0,0,1,8,41,41,-34,-23,-23,-26,-21,
-6,-34,-26,-21,-10,-17,1,-2,13,11,9,-2,0,-12,0]} 1. e4 e5 2. Nf3 Nc6 3. Bb5 a6
4. Ba4 Nf6 5. O-O b5 6. Bb3 Bc5 7. c3 d6 8. d4 Bb6 9. h3 O-O 10. d5 Ne7 11. Re1
Ng6 12. Bc2 Bd7 13. Be3 Rb8 14. Nbd2 Re8 15. Nf1 Nh5 16. Bxb6 Rxb6 17. Ne3 Nhf4
18. Kh2 Qf6 19. Ng1 Nf8 20. g3 N4g6 21. Qf3 Qxf3 22. Nxf3 Ne7 23. Nd2 c6 24.
dxc6 Bxc6 25. a4 d5 26. axb5 axb5 27. exd5 Nxd5 28. Nxd5 Bxd5 29. Nf1 f6 30.
Ne3 1/2-1/2

[Event "4NCL Division 1 & 2"]
[Site "Daventry, ENG"]
[Date "2022.05.01"]
[Round "8.114"]
[White "Richardson, John R"]
[Black "Lewis, Andrew P"]
[Result "1/2-1/2"]
[WhiteElo "2278"]
[BlackElo "2255"]
[PlyCount "167"]
[EventDate "2022.05.01"]
[WhiteTeam "The ADs"]
[BlackTeam "Anglian Avengers"]

1. d4 Nf6 2. c4 c5 3. d5 g6 4. Nc3 d6 5. g3 e6 6. Bg2 exd5 7. cxd5 Bg7 8. Nf3
O-O 9. O-O Re8 10. Nd2 Nbd7 11. h3 a6 12. a4 Rb8 13. Nc4 Nb6 14. Na3 Nfd7 15.
f4 f5 16. a5 Na8 17. Nc4 Nf6 18. Re1 b5 19. axb6 Nxb6 20. Na5 Bb7 21. Nc6 Bxc6
22. dxc6 d5 23. c7 Qxc7 24. Nxd5 Nbxd5 25. Bxd5+ Kh8 26. Bf3 Ne4 27. Bxe4 Rxe4
28. Rxa6 Reb4 29. Qd5 Rd4 30. Qa2 Qd8 31. Qa5 Qxa5 32. Rxa5 Rc4 33. Be3 h5 34.
Rxc5 Re4 35. Bf2 Rxb2 36. Rc8+ Kh7 37. Rc7 Kh6 38. e3 Ra4 39. g4 hxg4 40. hxg4
Raa2 41. g5+ Kh7 42. Rf1 Rc2 43. Re7 Kg8 44. Kg2 Kf8 45. Rd7 Rd2 46. Rxd2 Rxd2
47. Rc1 Rd7 48. e4 fxe4 49. Re1 Kf7 50. Rxe4 Rd5 51. Kf3 Rb5 52. Ra4 Rd5 53.
Ra7+ Kg8 54. Ke4 Rd1 55. Be3 Rd8 56. Re7 Kf8 57. Rb7 Re8+ 58. Kf3 Rd8 59. Bc5+
Kg8 60. Be7 Re8 61. Kg4 Rc8 62. Bf6 Bxf6 63. gxf6 Rc5 64. Rg7+ Kf8 65. Rxg6 Kf7
66. Rg5 Rc6 67. Rf5 Rc1 68. Ra5 Kxf6 69. Ra6+ Kf7 70. Kg5 Rg1+ 71. Kf5 Rb1 72.
Ra7+ Kf8 73. Kg5 Rb5+ 74. f5 Rb6 75. Rc7 Ra6 76. Rh7 Kg8 77. Rh6 Rxh6 78. Kxh6
Kf7 79. Kg5 Kg7 80. f6+ Kf7 81. Kf5 Kf8 82. Ke6 Ke8 83. f7+ Kf8 84. Kf6 1/2-1/2

[Event "4NCL Division 1 & 2"]
[Site "Daventry, ENG"]
[Date "2022.05.01"]
[Round "8.115"]
[White "Talsma, Paul"]
[Black "Snape, Ian L"]
[Result "1-0"]
[WhiteElo "2179"]
[BlackElo "2211"]
[PlyCount "117"]
[EventDate "2022.05.01"]
[WhiteTeam "Anglian Avengers"]
[BlackTeam "The ADs"]

{[%evp 0,24,28,27,92,77,87,17,29,49,43,45,44,33,37,37,71,94,78,44,65,77,81,47,
55,71,84]} 1. d4 c5 2. d5 g6 3. c4 d6 4. e4 Nf6 5. Nc3 Bg7 6. Be2 O-O 7. Bg5 e6
8. Qd2 exd5 9. exd5 Nbd7 10. Nf3 a6 11. a4 Re8 12. O-O Ne5 13. h3 Qc7 14. Nh2
h5 15. f4 Ned7 16. Bd3 Nh7 17. Bh4 Ndf8 18. f5 gxf5 19. Bxf5 Ng6 20. Bg3 Bxf5
21. Rxf5 h4 22. Bf2 Qd7 23. Qc2 Re5 24. Rxe5 Nxe5 25. Qe4 Ng6 26. Re1 Nf6 27.
Qc2 Re8 28. Rxe8+ Nxe8 29. Nf3 Bf6 30. b3 Ng7 31. Nd1 Nf5 32. Qe4 Kf8 33. Ne3
Nxe3 34. Bxe3 Kg7 35. Bf2 Qe7 36. Qxe7 Bxe7 37. Kf1 Kh6 38. Bg1 Kh5 39. Bh2 Nf8
40. Ke2 Nh7 41. Ke3 f5 42. Kf4 Kg6 43. Bg1 Bg5+ 44. Nxg5 Nxg5 45. Bf2 Ne4 46.
Bxh4 Nd2 47. Be7 Nxb3 48. Bxd6 Kf6 49. h4 Na5 50. Bxc5 Nxc4 51. h5 b5 52. axb5
axb5 53. d6 Ke6 54. d7 Kxd7 55. h6 Ke6 56. h7 Ne5 57. Bd4 Nf7 58. h8=Q Nxh8 59.
Bxh8 1-0

[Event "4NCL Division 1 & 2"]
[Site "Daventry, ENG"]
[Date "2022.05.01"]
[Round "8.116"]
[White "Wafa, Shrook"]
[Black "Player, Edmund C"]
[Result "1/2-1/2"]
[WhiteElo "2131"]
[BlackElo "2196"]
[PlyCount "116"]
[EventDate "2022.05.01"]
[WhiteTeam "The ADs"]
[BlackTeam "Anglian Avengers"]

1. e4 e6 2. d4 d5 3. Nd2 c5 4. Bb5+ Bd7 5. Bxd7+ Qxd7 6. dxc5 Bxc5 7. Nb3 Bb6
8. exd5 Nf6 9. Ne2 exd5 10. O-O O-O 11. Nbd4 Nc6 12. c3 Rfe8 13. Bg5 Ne4 14.
Bf4 Qe7 15. Be3 Qf6 16. Qb3 Rac8 17. Nxc6 bxc6 18. Bxb6 axb6 19. Qxb6 Rb8 20.
Qe3 Rxb2 21. Nd4 c5 22. Nb3 Qxc3 23. Qxc3 Nxc3 24. Nxc5 Rxa2 25. Rxa2 Nxa2 26.
g3 Nc3 27. Kg2 Rc8 28. Nd3 f6 29. Ra1 Rc7 30. Nf4 Kf7 31. Ra6 Rd7 32. Kf3 d4
33. Nd3 g5 34. Nc5 Rd5 35. Nd3 Rf5+ 36. Kg2 Rd5 37. f4 h6 38. Kf3 h5 39. h3 Kg7
40. Ra7+ Kh6 41. Ra6 Kg7 42. Ra7+ Kg8 43. Ra8+ Kf7 44. Ra7+ Ke8 45. Rh7 gxf4
46. Kxf4 Rb5 47. g4 hxg4 48. hxg4 Rb1 49. Kf5 Rb5+ 50. Ke6 Rb6+ 51. Kf5 Rd6 52.
Ra7 Nd5 53. Ke4 Ne3 54. Nf2 Nc2 55. Rc7 Ne1 56. Rc4 d3 57. Rd4 Re6+ 58. Kf4 Ke7
1/2-1/2

[Event "4NCL Division 1 & 2"]
[Site "Daventry, ENG"]
[Date "2022.05.01"]
[Round "8.117"]
[White "Myall, Ivan J"]
[Black "Duggan, John E"]
[Result "1/2-1/2"]
[WhiteElo "2053"]
[BlackElo "2167"]
[PlyCount "72"]
[EventDate "2022.05.01"]
[WhiteTeam "Anglian Avengers"]
[BlackTeam "The ADs"]

1. e4 e6 2. d4 d5 3. e5 c5 4. c3 Qb6 5. Nf3 Bd7 6. Bd3 Bb5 7. dxc5 Bxc5 8. O-O
Bxd3 9. Qxd3 Qa6 10. Qxa6 Nxa6 11. b4 Bf8 12. Nd4 Nc7 13. a4 a6 14. Nd2 Ne7 15.
f4 g6 16. N2f3 Nf5 17. Bd2 Be7 18. Rfb1 Nxd4 19. Nxd4 Kd7 20. Be3 Rhc8 21. Nb3
Ne8 22. Nc5+ Kc7 23. b5 Bxc5 24. Bxc5 b6 25. Bf2 a5 26. Rd1 Kb7 27. Rd3 h5 28.
g3 Rc4 29. Kg2 Rac8 30. Ra3 Ng7 31. h3 Re4 32. Rd4 Rc4 33. Rxe4 Rxe4 34. Kf3
Rc4 35. g4 Rc8 36. Bh4 hxg4+ 1/2-1/2

[Event "4NCL Division 1 & 2"]
[Site "Daventry, ENG"]
[Date "2022.05.01"]
[Round "8.118"]
[White "Hylands, Liam M"]
[Black "Pert, Nina"]
[Result "1-0"]
[WhiteElo "2004"]
[BlackElo "1835"]
[PlyCount "119"]
[EventDate "2022.05.01"]
[WhiteTeam "The ADs"]
[BlackTeam "Anglian Avengers"]

1. Nf3 e6 2. c4 f5 3. Nc3 Nf6 4. g3 Bb4 5. Qb3 Bxc3 6. bxc3 O-O 7. Bg2 d6 8. d3
Kh8 9. O-O Qe8 10. Ba3 Na6 11. Rab1 Rg8 12. c5 Nxc5 13. Bxc5 dxc5 14. Qc4 Nd7
15. Rfe1 Rf8 16. e4 f4 17. e5 Qh5 18. Re4 Nb6 19. Qxc5 Bd7 20. Nd4 Rf7 21. Rxf4
Rxf4 22. gxf4 Qf7 23. f5 exf5 24. Re1 Re8 25. c4 f4 26. Kh1 c6 27. e6 Qf6 28.
Qe5 Qxe5 29. Rxe5 Bc8 30. Bh3 Kg8 31. Kg2 Na4 32. Kf3 Nb2 33. Bf5 g6 34. Be4
Kg7 35. Kxf4 Nd1 36. Ra5 a6 37. f3 Kf6 38. h4 Nf2 39. Nc2 Bxe6 40. Kg3 Nxe4+
41. fxe4 Rd8 42. Ne1 h6 43. Kf4 Bh3 44. e5+ Ke6 45. Ke4 g5 46. hxg5 hxg5 47. d4
Bf5+ 48. Ke3 Bg6 49. Nf3 g4 50. Ng5+ Ke7 51. d5 cxd5 52. cxd5 Rf8 53. Rc5 Rf5
54. d6+ Kd8 55. Ne6+ Kd7 56. Nf4 Bf7 57. Rc7+ Kd8 58. Ke4 Rxf4+ 59. Kxf4 Bxa2
60. Rxb7 1-0

[Event "4NCL Division 1 & 2"]
[Site "Daventry, ENG"]
[Date "2022.05.01"]
[Round "8.121"]
[White "Cherniaev, Alexander"]
[Black "Martin, Lewis"]
[Result "1-0"]
[WhiteElo "2443"]
[BlackElo "2264"]
[PlyCount "57"]
[EventDate "2022.05.01"]
[WhiteTeam "Barnet Knights A"]
[BlackTeam "Check Inn"]

1. e4 c5 2. Nc3 Nc6 3. Bb5 Nd4 4. Bc4 a6 5. d3 b5 6. Bd5 Rb8 7. Bf4 d6 8. Nce2
e6 9. Nxd4 cxd4 10. Bb3 g6 11. e5 f6 12. exf6 Qxf6 13. Ne2 Bb7 14. O-O Nh6 15.
Qd2 Nf5 16. Bg5 Qf7 17. Nf4 h6 18. Bxe6 Qg7 19. Rae1 Ne3 20. fxe3 hxg5 21. Nh3
Be7 22. Rf2 Bc8 23. exd4 Bxe6 24. Rxe6 Kd7 25. Qe3 Rbf8 26. d5 Bd8 27. c3 Rf5
28. Re2 Qh6 29. Qa7+ 1-0

[Event "4NCL Division 1 & 2"]
[Site "Daventry, ENG"]
[Date "2022.05.01"]
[Round "8.122"]
[White "Ogunshola, Ben"]
[Black "Rocco, Federico"]
[Result "1-0"]
[WhiteElo "2236"]
[BlackElo "2202"]
[PlyCount "67"]
[EventDate "2022.05.01"]
[WhiteTeam "Check Inn"]
[BlackTeam "Barnet Knights A"]

1. c4 e5 2. g3 Nf6 3. Nc3 d5 4. cxd5 Nxd5 5. Bg2 Nb6 6. Nf3 Nc6 7. O-O Be7 8.
d3 O-O 9. Be3 Re8 10. a3 a5 11. Rc1 a4 12. Bxb6 cxb6 13. Nxa4 e4 14. Nd2 Bg5
15. Rxc6 bxc6 16. Nxe4 Bg4 17. Nxg5 Bxe2 18. Nxf7 Bxd1 19. Nxd8 Bxa4 20. Nxc6
Rac8 21. Nb4 Re2 22. Nd5 Rb8 23. Nc3 Rxb2 24. Nxa4 Rc2 25. Rb1 b5 26. Bd5+ Kh8
27. Bc4 Rf8 28. Rxb5 Rcxf2 29. Rb2 Rxb2 30. Nxb2 Ra8 31. a4 Rb8 32. Bb5 Rc8 33.
Nc4 Rd8 34. Ne5 1-0

[Event "4NCL Division 1 & 2"]
[Site "Daventry, ENG"]
[Date "2022.05.01"]
[Round "8.123"]
[White "Stoica, Savas Marin"]
[Black "Richmond, Jane"]
[Result "1-0"]
[WhiteElo "2159"]
[BlackElo "2200"]
[PlyCount "113"]
[EventDate "2022.05.01"]
[WhiteTeam "Barnet Knights A"]
[BlackTeam "Check Inn"]

1. e4 e5 2. Nf3 Nc6 3. d4 exd4 4. Nxd4 Nf6 5. Nxc6 bxc6 6. e5 Qe7 7. Qe2 Nd5 8.
h4 d6 9. c4 Nb6 10. exd6 cxd6 11. Bg5 Qe6 12. Nd2 d5 13. O-O-O f6 14. Bf4 Bc5
15. Re1 Qxe2 16. Rxe2+ Kf7 17. Nb3 Be7 18. c5 Nc4 19. Rc2 Be6 20. Bd3 Ne5 21.
Ba6 Bc8 22. Be2 a5 23. Nd4 Bd7 24. a4 Rhe8 25. Kb1 Bf8 26. Bd2 g6 27. f3 h5 28.
Ka2 f5 29. Rd1 Bc8 30. f4 Nd7 31. Bf3 Nxc5 32. Nxc6 Ne4 33. Bxa5 Be6 34. b4
Rec8 35. Ne5+ Kf6 36. Rdc1 Rxc2+ 37. Rxc2 Bd6 38. Nd3 Ra7 39. Bd8+ Kf7 40. a5
Bd7 41. Bb6 Ra6 42. Be2 Ra8 43. Ne5+ Ke6 44. Nxd7 Kxd7 45. Bb5+ Ke6 46. Bc6 Rb8
47. b5 Rxb6 48. axb6 d4 49. Kb3 d3 50. Rc1 Bxf4 51. b7 Be5 52. Kc4 Nf2 53. Bf3
d2 54. Rf1 Ne4 55. Kd3 Bg3 56. Bxe4 fxe4+ 57. Kxd2 1-0

[Event "4NCL Division 1 & 2"]
[Site "Daventry, ENG"]
[Date "2022.05.01"]
[Round "8.124"]
[White "Jones, Mark A"]
[Black "Smith, Andrew Philip"]
[Result "0-1"]
[WhiteElo "2112"]
[BlackElo "2223"]
[PlyCount "102"]
[EventDate "2022.05.01"]
[WhiteTeam "Check Inn"]
[BlackTeam "Barnet Knights A"]

{[%evp 0,102,19,29,40,40,44,14,31,33,14,21,19,4,11,17,17,17,-2,2,16,-10,-8,1,
-2,-10,2,-15,-21,-35,-22,-22,-19,-23,-1,4,1,-4,7,7,11,11,8,-30,-25,-27,-27,-16,
-20,-32,-20,-29,-27,-31,2,-1,2,0,5,2,3,-1,29,23,61,17,15,-10,-11,-23,1167,-55,
-47,-176,-144,-302,-185,-183,-103,-153,-98,-83,-83,-83,-23,-109,-108,-110,-110,
-236,-244,-334,-318,-315,-307,-313,-318,-318,-324,-324,-452,-502,-544,-604,
-1200]} 1. e4 c5 2. Nf3 Nc6 3. d4 cxd4 4. Nxd4 e5 5. Nb5 d6 6. N1c3 a6 7. Na3
b5 8. Nd5 Nf6 9. Bg5 Be7 10. Bxf6 Bxf6 11. c3 O-O 12. Nc2 Rb8 13. Be2 Bg5 14.
Bg4 Bb7 15. Qd3 Ne7 16. Ncb4 Ng6 17. g3 a5 18. Nc2 Ne7 19. Nxe7+ Qxe7 20. O-O
Rfd8 21. Ne3 Bxe3 22. Qxe3 d5 23. exd5 Bxd5 24. Rfe1 f6 25. Red1 a4 26. Be2 Kh8
27. Rd2 Bc4 28. Bxc4 bxc4 29. Rad1 Rxd2 30. Rxd2 Qc7 31. Qe4 g6 32. g4 Kg7 33.
Kf1 Rb6 34. Ke1 Qc5 35. Rd5 Qc6 36. Qe3 Rxb2 37. Rd2 Rxd2 38. Kxd2 Qb5 39. Kc2
g5 40. Qa7+ Kg6 41. Qa8 Qc5 42. Qe4+ Kh6 43. Qf5 Qb6 44. h4 gxh4 45. Qh5+ Kg7
46. Qxh4 a3 47. g5 Qb2+ 48. Kd1 Qb1+ 49. Ke2 Qd3+ 50. Ke1 Qxc3+ 51. Kd1 Qd4+
0-1

[Event "4NCL Division 1 & 2"]
[Site "Daventry, ENG"]
[Date "2022.05.01"]
[Round "8.125"]
[White "Josse, Mark"]
[Black "Rabbitt, Michael"]
[Result "0-1"]
[WhiteElo "2221"]
[BlackElo "1990"]
[PlyCount "98"]
[EventDate "2022.05.01"]
[WhiteTeam "Barnet Knights A"]
[BlackTeam "Check Inn"]

1. c4 c6 2. d4 d5 3. cxd5 cxd5 4. Bf4 Nf6 5. Nc3 Nc6 6. e3 Bd7 7. Bd3 Rc8 8.
Nf3 e6 9. O-O a6 10. Rc1 Be7 11. Ne5 b5 12. a4 b4 13. Nb1 Qb6 14. b3 O-O 15.
Qe2 a5 16. Nd2 Rfd8 17. Bg5 Be8 18. Qf3 Nxe5 19. dxe5 Ne4 20. Bxe7 Nxd2 21. Qg4
Nxf1 22. Bf6 g6 23. Rxf1 Rd7 24. h4 Rdc7 25. Qg5 Qc5 26. h5 Qf8 27. h6 Ra7 28.
Rb1 Rc3 29. Be2 Bc6 30. Qh4 Rd7 31. Kh2 Qc5 32. Bf3 Bb7 33. Qf4 Ba6 34. Rb2 d4
35. exd4 Rxd4 36. Qg5 Rd7 37. Qf4 Qd4 38. Be4 Bd3 39. f3 Bxe4 40. fxe4 Qe3 41.
Qh4 Rd1 42. Rf2 Qe1 43. Rf3 Qxh4+ 44. Bxh4 Rxf3 45. gxf3 Rd3 46. Kg3 Rxb3 47.
Bd8 Ra3 48. Bxa5 b3 49. Bc3 Rxa4 0-1

[Event "4NCL Division 1 & 2"]
[Site "Daventry, ENG"]
[Date "2022.05.01"]
[Round "8.126"]
[White "Girdlestone, Paul C"]
[Black "Willmoth, Robert F"]
[Result "0-1"]
[WhiteElo "2020"]
[BlackElo "2106"]
[PlyCount "163"]
[EventDate "2022.05.01"]
[WhiteTeam "Check Inn"]
[BlackTeam "Barnet Knights A"]

1. d4 d6 2. Nf3 Bg4 3. Nbd2 Nd7 4. g3 e5 5. Bg2 Be7 6. dxe5 dxe5 7. Nc4 f6 8.
Ne3 Be6 9. Nh4 c6 10. Nef5 Bf8 11. Nd6+ Bxd6 12. Qxd6 Qe7 13. Qc7 Nb6 14. Qxe7+
Nxe7 15. b3 O-O-O 16. e4 g5 17. Nf3 g4 18. Nd2 h5 19. a4 h4 20. Ba3 Ng6 21.
O-O-O Kc7 22. Nb1 Rxd1+ 23. Rxd1 Nc8 24. Nd2 b6 25. Nf1 c5 26. Ne3 Nd6 27. b4
Nb7 28. a5 Kc6 29. a6 Nd6 30. bxc5 bxc5 31. Nd5 hxg3 32. hxg3 Rh2 33. Ne3 Nc4
34. Nxc4 Bxc4 35. Bf1 Bxf1 36. Rxf1 Nf8 37. f4 gxf3 38. Rxf3 Nd7 39. Rb3 Nb6
40. Rc3 Nd7 41. Rb3 Rg2 42. Kb1 Nb6 43. Rf3 Kb5 44. Rxf6 Rxg3 45. Bb2 Nc4 46.
Rf5 Re3 47. Bxe5 Rxe4 48. Bb8 Re7 49. Bf4 Re6 50. Bb8 Re7 51. Bf4 Rd7 52. Ka2
Na5 53. Be3 Rc7 54. Rf6 Kc4 55. Bf4 Rd7 56. Kb2 Kb5 57. Kc3 Nc6 58. Be3 Nb4 59.
Kb3 c4+ 60. Kb2 Nxa6 61. Rf5+ Kb4 62. c3+ Ka4 63. Bf4 Rg7 64. Bd6 Rg6 65. Bf4
Rg2+ 66. Kc1 Rf2 67. Rf7 Kb5 68. Rb7+ Kc6 69. Rxa7 Nc5 70. Rc7+ Kb6 71. Rxc5
Rf1+ 72. Kd2 Kxc5 73. Be5 Kd5 74. Bd4 Ke4 75. Ke2 Ra1 76. Kd2 Ra2+ 77. Kd1 Kd3
78. Kc1 Rc2+ 79. Kb1 Rxc3 80. Bxc3 Kxc3 81. Kc1 Kd3 82. Kd1 0-1